000 00516nab a2200145Ia 4500
003 ES-SlBCS
005 20210707165501.0
008 140529s2006 xxu||||| |||| 00| 0 por d
041 _apor
100 1 _aOliveira Moreira, Jacqueline de
_9209168
245 0 0 _aO problema da fundamentaçao da Ética na filosofia de Schopenhauer
_c Jacqueline de Oliveira Moreira
600 1 4 _aSchopenhauer, Arthur
_d, 1788-1860
_994410
773 0 _tEducaçao e Filosofia
_gvol. 20, nº. 40, 2006, págs. 207-242
_wRev1534
942 _cAR
999 _c601484
_d601484